00439nam a2200181Ia 4500003000500000008004100005020001800046040001900064082000700083100002100090100002100111245004200132250000600174260004300180300001000223365001200233546001200245STCL221019s9999 xx 000 0 und d a9780077111199 aSTCLcSTCLbEN 222 aBaldwin, Richard aWyplosz, Charles 4aThe economics of European integration a2 bMcGraw Hill EducationaNew Delhic2006 a464 p b2766.85 aEnglish